Sancti Aurelii Augustini Hipponensis Episcopi, Opuscula Tria: De Fide Rerum Quae Non Videntur. De Catechizandis Rudibus. Et De Agone Christiano

Saved in:  
Bibliographic Details
Subtitles:Opuscula Tria
Main Author: Augustinus, Aurelius, Heiliger 354-430 (Author)
Contributors: Bader, Emmerich Felix (Printer)
Format: Electronic Book
Language:Latin
Check availability: HBZ Gateway
WorldCat: WorldCat
Interlibrary Loan:Interlibrary Loan for the Fachinformationsdienste (Specialized Information Services in Germany)
Published: Ratisbonae Viennae Bader 1761
In:Year: 1761
Further subjects:B Devotional literature
Online Access: Volltext (kostenfrei)
Parallel Edition:Electronic
Non-electronic
Sammlungen:

MARC

LEADER 00000cam a2200000 c 4500
001 1523469706
003 DE-627
005 20260122143209.0
007 cr cn 024aaaba
008 151217s1761 gw |||||o 00| ||lat c
024 7 |a urn:nbn:de:bsz:25-digilib-124002  |2 urn 
024 7 |a VD18 11936401  |2 vd18 
026 |e i.t& u-um m.d- eaNa 3 1761R  |2 fei 
035 |a (DE-627)1523469706 
035 |a (DE-576)453469701 
035 |a (DE-599)BSZ453469701 
035 |a (OCoLC)934163028 
040 |a DE-627  |b ger  |c DE-627  |e rakwb 
041 |a lat 
044 |c XA-DE  |c XA-AT 
084 |a 1  |2 ssgn 
100 1 |0 (DE-588)118505114  |0 (DE-627)133773795  |0 (DE-576)160124182  |4 aut  |a Augustinus, Aurelius  |c Heiliger  |d 354-430 
109 |a San Agustín 354-430  |a San Augustín 354-430  |a Augustinus, Aurel 354-430  |a Agostino, Aurelio 354-430  |a Augustine, Aurelius 354-430  |a Agostino 354-430  |a Augustin Kirchenvater 354-430  |a Agustín de Hipona, San 354-430  |a Saint Augustine 354-430  |a Aurelius Augustinus Hipponensis 354-430  |a Augustine d'Hippone 354-430  |a Augustin d'Hippone 354-430  |a Augustinus Sankt 354-430  |a Augustinus Hipponensis 354-430  |a Agostino d'Ippona 354-430  |a Augustin 354-430  |a Augustinus, S. Aurelius 354-430  |a Agostino San 354-430  |a Augustine, St. 354-430  |a Augustin Heiliger 354-430  |a Pseudo-Agostino 354-430  |a Agustin de Hipona 354-430  |a Augustin Saint 354-430  |a Augustinus von Thagaste 354-430  |a Augustinus von Hippo 354-430  |a Augustinos Hieros 354-430  |a Augustin, Sfîntul 354-430  |a Augustijn Sinte 354-430  |a Augustine 354-430  |a Heiliger Augustinus 354-430  |a Augustinus Hyppon, Bischof 354-430  |a Saint Augustin 354-430  |a Hippone, Augustin d' 354-430  |a Agustín, San 354-430  |a Augustin z Hippo 354-430  |a Szent Ágoston 354-430  |a Augostino San 354-430  |a Agostino Santo 354-430  |a Ôgostinos 354-430  |a Pseudo-Augustinus, Aurelius 354-430  |a Augustinus Hippo Regius, Bischof, Heiliger 354-430  |a Avgustin, Avrelij 354-430  |a Agustin 354-430  |a Aurelius Augustinus 354-430  |a Augustus, Aurelius 354-430  |a Ágoston Szent 354-430  |a Augustinus Sanctus 354-430  |a Augustine of Hippo 354-430  |a Pseudo-Augustinus 354-430  |a Augustinus Hippo, Bischof, Heiliger 354-430  |a Sant'Agostino 354-430  |a Augustinus Hippon, Bischof, Heiliger 354-430  |a Auġusṭīn 354-430  |a Augustinus, Aurelius 354-430  |a Pseudo-Aurelius-Augustinus 354-430  |a Augustinus, Aurelius Heiliger 354-430  |a Augustine St. 354-430  |a Augustinus Heiliger 354-430  |a Augustine Saint 354-430  |a Augustinus Episcopus 354-430  |a Augustinus Christian Writer 354-430  |a Augustinus Kirchenschriftsteller 354-430  |a Augustin San 354-430  |a Agustin San 354-430  |a Augustinus 354-430  |a Augustine Saint, Bishop of Hippo 354-430  |a St. Augustine 354-430  |a Sancti Aurelii Augustini 354-430  |a Aurelius Augustinus Sanctus 354-430  |a Augustijus 354-430  |a Augustýn 354-430  |a Augustinus Divus 354-430  |a Augustinus Beatus 354-430  |a Augustin Sankt 354-430  |a Aġusṭīnūs 354-430  |a Augustyn Świe̜ty 354-430  |a Avgustinvs, Avrelivs 354-430  |a Ôgûsṭînûs 354-430  |a Agostino di Ippona 354-430  |a Agostinho, Santo 354-430 
245 1 0 |a Sancti Aurelii Augustini Hipponensis Episcopi, Opuscula Tria  |b De Fide Rerum Quae Non Videntur. De Catechizandis Rudibus. Et De Agone Christiano 
246 1 |i Ansetzungssachtitel  |a Opuscula Tria 
264 1 |a Ratisbonae  |a Viennae  |b Bader  |c 1761 
300 |a 176 S.  |c 8o 
336 |a Text  |b txt  |2 rdacontent 
337 |a Computermedien  |b c  |2 rdamedia 
338 |a Online-Ressource  |b cr  |2 rdacarrier 
500 |a Vorlageform des Erscheinungsvermerks: RATISBONAE ET VIENNAE APUD EMMERIC. FELIC. BADER. MDCCLXI. 
505 8 0 |t De Fide Rerum Quae Non Videntur 
505 8 0 |t De Catechizandis Rudibus 
505 8 0 |t De Agone Christiano 
533 |a Online-Ausg.  |b Freiburg i. Br.  |c Univ.-Bibl.  |d 2015  |e Online-Ressource  |f VD18 digital  |f Freiburger historische Bestände - digital. Freiburger Alte Drucke und Autorensammlungen  |7 |2015|||||||||| 
535 1 |a Universitätsbibliothek Freiburg i. Br.  |3 K 2099 
583 1 |a Archivierung/Langzeitarchivierung gewährleistet  |f VD18  |x XA-DE-BW  |2 pdager  |5 DE-25 
583 1 |a Archivierung/Langzeitarchivierung gewährleistet  |c 20211220  |f SLG  |x XA-DE-BW  |z Provenienz  |2 pdager  |5 DE-25 
601 |a christianos 
655 7 |a Erbauungsliteratur  |0 (DE-627)096631325  |2 local 
700 1 |a Bader, Emmerich Felix  |4 prt 
751 |a Regensburg  |0 (DE-588)4048989-9  |0 (DE-627)106188860  |0 (DE-576)209080019  |4 pup 
751 |a Wien  |0 (DE-588)4066009-6  |0 (DE-627)106115952  |0 (DE-576)209161965  |4 pup 
776 1 |n Univ.-Bibl.  |t Freiburger Alte Drucke und Autorensammlungen  |g [Freiburg i. Br.]  |h 20XX  |w (DE-627)1323469435  |w (DE-576)253469430  |k Electronic 
776 0 8 |i Erscheint auch als  |n Druck-Ausgabe  |a Augustinus, Aurelius, 354 - 430  |t Opuscula Tria  |d Ratisbonae : Bader, 1761  |h 176 S.  |w (DE-627)1136626859  |w (DE-576)066626854  |k Non-Electronic 
850 |a RedVD18-DE-25 
856 4 0 |u http://dl.ub.uni-freiburg.de/diglit/augustinus1761  |x Digitalisierung  |z kostenfrei  |3 Volltext  |7 0 
912 |a vd18 
935 |a mteo 
935 |h SWB  |i ld 
935 |h SWB  |i dm 
935 |i vd18 
951 |a BO 
ELC |a 1 
LOK |0 000 xxxxxcx a22 zn 4500 
LOK |0 001 4857769352 
LOK |0 003 DE-627 
LOK |0 004 1523469706 
LOK |0 005 20260122142437 
LOK |0 008 260122||||||||||||||||ger||||||| 
LOK |0 040   |a DE-Tue135  |c DE-627  |d DE-Tue135 
LOK |0 092   |o n 
LOK |0 852   |a DE-Tue135 
LOK |0 852 1  |9 00 
LOK |0 866   |x SPQUE#VD (Historische deutsche Nationalbibliographie)#SPSAM#VD18 
LOK |0 935   |a ixvd  |a ixv8 
LOK |0 939   |a 22-01-26  |b l01 
OAS |a 1 
ORI |a SA-MARC-ixtheoa001.raw